La propia

Tallennettuna:
Bibliografiset tiedot
Päätekijä: González Zeledón, Manuel
Aineistotyyppi: Kirja
Kieli:Undetermined
Julkaistu: San José, Costa Rica Ministerio de Cultura, Juventud y Deportes 1973
Aiheet:
Tagit: Lisää tagi
Ei tageja, Lisää ensimmäinen tagi!

MARC

LEADER 00000nam a2200000Ia 4500
008 170316s9999 xx 000 0 und d
040 |a cru BVZT 
090 |a 868 G-19p 
100 |a González Zeledón, Manuel 
245 |a La propia 
260 |a San José, Costa Rica 
260 |b Ministerio de Cultura, Juventud y Deportes 
260 |c 1973 
300 |a 23 páginas 
650 |a LITERATURA COSTARRICENSE 
999 |c 11092  |d 11092 
942 |c 15 D  |h 868 G-19p  |2 z